000 00329nam a22001457a 4500
008 210426b ||||| |||| 00| 0 eng d
020 _a9781631896934
041 _aeng
080 _21st
_a91
082 _a91
100 _a42
101 _aGJEO
245 _aHuman Geography A Serious Introduction
_cWarf,B
942 _2udc
_cBK
999 _c56741
_d56741